000
00328nam a2200133Ia 4500
008
220216s9999 xx 000 0 und d
100
_a
Thompson P D
245
0
_a
Cheaper rubber-bitumen using latex
260
_b
Rubber Developments
_c
1961
300
_a
61-64
650
_a
Latex
650
_a
Rubberized bitumen
942
_c
JS
999
_c
55465
_d
55465